Rôles Virginie Efira - Statistiques

Statistiques générales
  • Ce quiz a été pris 32 fois
  • Le résultat moyen est 7 sur 13
Statistiques - réponses
Par images Réponse % Correct
20 Ans d'Ecart
93%
En Attendant Bojangles
63%
Un Homme à La Hauteur
63%
Adieu Les Cons
59%
Le Grand Bain
59%
Revoir Paris
56%
Benedetta
52%
Victoria
52%
Sibyl
48%
Une Famille à Louer
44%
Et Ta Soeur
33%
Le Goût des Merveilles
33%
Don Juan
26%
Aucun quiz correspondant
Distribution des résultats
% des personnes avec chaque résultat
Percentile par nombre de réponses
Votre historique - résultats
Vous n’avez pas pris ce quiz